Les séries d'animation "Il était une fois..." - Statistiques

Statistiques générales
  • Ce quiz a été pris 518 fois
    89 depuis la dernière actualisation
  • Le résultat moyen est 5 sur 8
Statistiques - réponses
Année Exemples d'épisodes Série % Correct
1987 Le Sang Il était une fois… la {Vie}
98%
2008 La Forêt Amazonienne Il était une fois… notre {Terre}
81%
1978 Les vallées fertiles Il était une fois… l'{Homme}
70%
1997 Vasco de Gama Il était une fois… les {Explorateurs}
67%
1982 Cassiopée Il était une fois… l'{Espace}
55%
1994 Léonard De Vinci Il était une fois… les {Découvreurs}
50%
1992 La Ruée vers l'or Il était une fois… les {Amériques}
38%
2024 Le vélo ; L'ampoule... Il était une fois… ces {Drôles} {d'objets}
14%
Aucun quiz correspondant
Distribution des résultats
% des personnes avec chaque résultat
Percentile par nombre de réponses
Votre historique - résultats
Vous n’avez pas pris ce quiz depuis la dernière actualisation